| 000 | 00801nmm a2200265 a 4500 | ||
|---|---|---|---|
| 001 | ocm000659927 | ||
| 003 | TR-IsHL | ||
| 005 | 20201028141424.0 | ||
| 008 | 131226s2004 tu tur | ||
| 007 | cr cn | ||
| 020 | _a9789758500130 | ||
| 035 |
_a659927 _b(N$T) |
||
| 050 | 0 | 4 |
_aB132.Y6 _bY83 2004 |
| 090 | 0 | 4 |
_aB132.Y6 _bY83 2004 |
| 100 | 1 | _aYüce, Başol | |
| 245 | 1 | 0 |
_aSporda yoga & ayurveda _h[electronic resource] / _cBaşol Yüce |
| 260 |
_aİstanbul : _bİlpress Basım & Yayın, _c2004 |
||
| 300 | _a254 p. | ||
| 650 | 4 | _aSpor, Seyahat ve Turizm | |
| 650 | 4 | _aSports, Travel & Tourism | |
| 650 | 0 | _aYoga | |
| 650 | 0 | _aYoga | |
| 650 | 7 |
_aHEALTH & FITNESS / Yoga _2bisacsh |
|
| 856 | 4 | 0 | _uhttp://search.ebscohost.com/login.aspx?direct=true&scope=site&db=e011xww&AN=659927 |
| 999 |
_c7809 _d7809 |
||